Plus petits pays du monde - Mort Subite - Statistiques

Statistiques générales
  • Ce quiz a été pris 4 059 fois
  • Le résultat moyen est 14 sur 98
Answers on the Grid
Answers color-coded by a green-red scale on the quiz's grid according to % correct below.
Afghanistan
Afrique du Sud
Albanie
Algérie
Allemagne
Andorre
Angola
Antigua-et-Barbuda
Arabie Saoudite
Argentine
Arménie
Australie
Autriche
Azerbaïdjan
Bahamas
Bahreïn
Bangladesh
Barbade
Belgique
Belize
Bénin
Bhoutan
Biélorussie
Birmanie
Bolivie
Bosnie-Herzégovine
Botswana
Brésil
Brunei
Bulgarie
Burkina Faso
Burundi
Cambodge
Cameroun
Canada
Cap-Vert
Chili
Chine
Chypre
Colombie
Comores
Corée du Nord
Corée du Sud
Costa Rica
Côte d'Ivoire
Croatie
Cuba
Danemark
Djibouti
Dominique
Égypte
Émirats Arabes Unis
Équateur
Érythrée
Espagne
Estonie
Eswatini
États Fédérés de Micronésie
États-Unis
Éthiopie
Fidji
Finlande
France
Gabon
Gambie
Géorgie
Ghana
Grèce
Grenade
Guatemala
Guinée
Guinée Équatoriale
Guinée-Bissau
Guyana
Haïti
Honduras
Hongrie
Îles Marshall
Îles Salomon
Inde
Indonésie
Irak
Iran
Irlande
Islande
Israël
Italie
Jamaïque
Japon
Jordanie
Kazakhstan
Kenya
Kirghizistan
Kiribati
Kosovo
Koweït
Laos
Lesotho
Lettonie
Liban
Liberia
Libye
Liechtenstein
Lituanie
Luxembourg
Macédoine du Nord
Madagascar
Malaisie
Malawi
Maldives
Mali
Malte
Maroc
Maurice
Mauritanie
Mexique
Moldavie
Monaco
Mongolie
Monténégro
Mozambique
Namibie
Nauru
Népal
Nicaragua
Niger
Nigeria
Norvège
Nouvelle-Zélande
Oman
Ouganda
Ouzbékistan
Pakistan
Palaos
Panama
Papouasie-Nouvelle-
Guinée
Paraguay
Pays-Bas
Pérou
Philippines
Pologne
Portugal
Qatar
République Centrafricaine
République Démocratique
du Congo
République Dominicaine
République du Congo
République Tchèque
Roumanie
Royaume-Uni
Russie
Rwanda
Saint-Christophe-
et-Niévès
Saint-Marin
Saint-Vincent-et-les-
Grenadines
Sainte-Lucie
Salvador
Samoa
Sao Tomé-et-Principe
Sénégal
Serbie
Seychelles
Sierra Leone
Singapour
Slovaquie
Slovénie
Somalie
Soudan
Soudan du Sud
Sri Lanka
Suède
Suisse
Suriname
Syrie
Tadjikistan
Taïwan
Tanzanie
Tchad
Thaïlande
Timor Oriental
Togo
Tonga
Trinité-et-Tobago
Tunisie
Turkménistan
Turquie
Tuvalu
Ukraine
Uruguay
Vanuatu
Vatican
Venezuela
Viêt Nam
Yémen
Zambie
Zimbabwe
 
Statistiques - réponses
Réponse % Correct
Andorre
67%
Bahreïn
51%
Belize
47%
Antigua-et-Barbuda
46%
Barbade
45%
Bahamas
41%
Brunei
38%
Cap-Vert
35%
Albanie
33%
Bhoutan
32%
Chypre
32%
Arménie
28%
Comores
26%
Fidji
26%
Burundi
25%
Djibouti
25%
Vatican
25%
Bénin
23%
Eswatini
21%
Belgique
20%
Tuvalu
19%
Azerbaïdjan
18%
États Fédérés de Micronésie
18%
Dominique
17%
Saint-Marin
17%
Vanuatu
17%
Grenade
16%
Haïti
16%
Cuba
15%
Îles Salomon
15%
Saint-Christophe-
et-Niévès
15%
Sainte-Lucie
15%
Saint-Vincent-et-les-
Grenadines
15%
Sao Tomé-et-Principe
15%
Tonga
15%
Trinité-et-Tobago
15%
Îles Marshall
14%
Koweït
14%
Liechtenstein
14%
Monaco
14%
Luxembourg
13%
Samoa
13%
Autriche
12%
Costa Rica
12%
Lesotho
12%
Malte
12%
Qatar
12%
Timor Oriental
12%
Bosnie-Herzégovine
11%
Kiribati
11%
Kosovo
11%
Maldives
11%
Seychelles
11%
Gambie
10%
Palaos
10%
Taïwan
10%
Érythrée
9%
Maurice
9%
Nauru
9%
Jamaïque
8%
Singapour
8%
Togo
8%
Émirats Arabes Unis
7%
Estonie
7%
Guinée-Bissau
7%
Guinée Équatoriale
7%
Israël
7%
Liban
7%
Rwanda
7%
Salvador
7%
Macédoine du Nord
6%
Corée du Sud
5%
Monténégro
5%
Sri Lanka
5%
Suisse
5%
Croatie
4%
Guatemala
4%
Honduras
4%
Liberia
4%
République Dominicaine
4%
Sierra Leone
4%
Bulgarie
3%
Danemark
3%
Géorgie
3%
Lettonie
3%
Lituanie
3%
Panama
3%
Pays-Bas
3%
Islande
2%
Jordanie
2%
Moldavie
2%
Slovénie
2%
Irlande
1%
Portugal
1%
République Tchèque
1%
Serbie
1%
Slovaquie
1%
Hongrie
0%
Aucun quiz correspondant
Distribution des résultats
% des personnes avec chaque résultat
Percentile par nombre de réponses
Votre historique - résultats
Vous n’avez pas pris ce quiz